[Event "PULSAR V"]
[Site "http://www.queenalice.com/game.php?id=1117204"]
[Date "2012.10.30"]
[Round "-"]
[White "perucona"]
[Black "Noraldino"]
[Result "0-1"]
[WhiteElo "1428"]
[BlackElo "1718"]

1. e4 e5 2. d4 Nc6 3. d5 Nb8 4. Nf3 f6 5. Nc3 c6 6. dxc6 dxc6 7. Qxd8+ Kxd8 8.
Be2 Bc5 9. Be3 b6 10. Bxc5 bxc5 11. O-O-O+ Bd7 12. Rd2 Nh6 13. Rhd1 Kc8 14. Nh4
Be6 15. Ba6+ Nxa6 16. Nf3 Rb8 17. b3 Nf7 18. Na4 Kc7 19. Nc3 f5 20. exf5 Bxf5
21. Nh4 g6 22. Nxf5 gxf5 23. Rd7+ Kb6 24. Rxf7 f4 25. Na4+ Kb5 26. Nc3+ Kb4 27.
Nb1 c4 28. Rxa7 Kb5 29. bxc4+ Kb6 30. Re7 f3 31. gxf3 Rbf8 32. Na3 Rxf3 33. Rxe5
Rxa3 34. Kb1 Rf3 35. Rf1 Rb8 36. Kc1 Nb4 37. a3 Rxa3 38. f4 Ra1+ 39. Kd2 Rxf1
40. f5 Rf2+ 41. Kc3 Na2+ 42. Kb3 Ka6+ 43. Kxa2 Rxc2+ 44. Ka3 Rxc4 45. f6 Rf4 46.
Re6 Rg8 47. Rxc6+ Kb5 48. Re6 Rf3+ 49. Kb2 Rg2+ 50. Re2 Rxe2+ 51. Kc1 Rf1# 0-1

[Event "CACHIMBO VI "]
[Site "http://www.queenalice.com/game.php?id=1119406"]
[Date "2012.11.6"]
[Round "-"]
[White "perucona"]
[Black "Noraldino"]
[Result "0-1"]
[WhiteElo "1376"]
[BlackElo "1711"]

1. e4 e5 2. d4 d5 3. dxe5 dxe4 4. Nc3 Bb4 5. Qe2 Bf5 6. Nh3 Nc6 7. Bd2 Nd4 8.
Rc1 Nxe2 9. Bxe2 Ne7 10. O-O Qxd2 11. Bh5 O-O 12. Rfd1 Bxc3 13. Rxd2 Bxd2 14.
Rd1 Rfd8 15. Kf1 e3 16. fxe3 Bxc2 17. Ra1 Bd3+ 18. Be2 Bxe3 19. Bxd3 Rxd3 20.
Nf2 Rd2 21. Nh3 Rad8 22. b3 Bd4 23. Rc1 Rxa2 24. Ke1 Bxe5 25. Nf2 Nd5 26. b4
Nxb4 27. Ne4 Nd3+ 28. Kd1 Nf2+ 29. Ke1 Nxe4 30. Kf1 Bxh2 31. Re1 Ng3# 0-1

[Event "Challenge"]
[Site "http://www.queenalice.com/game.php?id=1119573"]
[Date "2012.11.6"]
[Round "-"]
[White "sunking1"]
[Black "Noraldino"]
[Result "0-1"]
[WhiteElo "1587"]
[BlackElo "1688"]

1. Nc3 e5 2. e4 Nc6 3. Nf3 Nf6 4. d3 d5 5. d4 Bb4 6. Bg5 dxe4 7. Nxe5 Nxd4 8.
Bd3 exd3 9. cxd3 O-O 10. Bxf6 Qxf6 11. f4 Qxf4 12. Nf3 Qe3+ 13. Kf1 Bf5 14. Qe1
Bxd3+ 15. Qe2 Bxe2+ 16. Nxe2 Qxe2+ 17. Kg1 Nxf3+ 18. gxf3 Bc5# 0-1

[Event "Challenge"]
[Site "http://www.queenalice.com/game.php?id=1120371"]
[Date "2012.11.9"]
[Round "-"]
[White "Noraldino"]
[Black "Excsiu"]
[Result "1-0"]
[WhiteElo "1701"]
[BlackElo "1495"]

1. e4 e5 2. Nc3 Nf6 3. Nf3 Nc6 4. Bc4 h6 5. O-O Na5 6. Nxe5 Rh7 7. Bxf7+ Ke7 8.
Bg6 d6 9. Nf7 Qd7 10. b3 c5 11. e5 dxe5 12. Nxe5 Qd6 13. Re1 Be6 14. Nc4 Nxc4
15. bxc4 Ng4 16. Qxg4 Kd8 17. Rxe6 Qd7 18. Bxh7 Rc8 19. Qf5 Kc7 20. Nd5+ Kb8 21.
Qe5+ Ka8 22. Bf5 b6 23. Be4 1-0

[Event "Challenge"]
[Site "http://www.queenalice.com/game.php?id=1121817"]
[Date "2012.11.13"]
[Round "-"]
[White "Noraldino"]
[Black "gms8"]
[Result "1-0"]
[WhiteElo "1718"]
[BlackElo "1458"]

1. e4 e5 2. Nf3 Nf6 3. Nc3 d5 4. exd5 Nxd5 5. Nxd5 Qxd5 6. c4 Qe4+ 7. Qe2 Qc2 8.
Nxe5 g6 9. Nxg6+ Be6 10. Nxh8 Bg7 11. Nxf7 Kxf7 12. Qf3+ Kg8 13. Qxb7 Bd5 14.
Qxd5+ Kf8 15. Qxa8 Be5 16. Qxb8+ Kf7 17. d3 c5 18. Qxe5 a5 19. Qf5+ Ke8 20. Qe6+
Kd8 21. Bg5+ Kc7 22. Bf4+ Kd8 23. Qd6+ Ke8 24. Bg5 Qxb2 25. Qe7# 1-0

[Event "Challenge"]
[Site "http://www.queenalice.com/game.php?id=1121905"]
[Date "2012.11.13"]
[Round "-"]
[White "Andrei_78"]
[Black "Noraldino"]
[Result "0-1"]
[WhiteElo "1805"]
[BlackElo "1692"]

1. e4 e5 2. Nf3 Nc6 3. a3 Nf6 4. Bd3 Bc5 5. O-O O-O 6. b4 Bd4 7. c3 Bb6 8. h3 d5
9. exd5 Qxd5 10. Be2 h6 11. c4 Qe6 12. c5 Ba5 13. bxa5 Nxa5 14. Nc3 Nh5 15. d4
Qg6 16. Nxe5 Qe6 17. Be3 f6 18. Ng4 f5 19. Ne5 Nf6 20. Ng6 Rd8 21. Nf4 Qf7 22.
Rb1 g5 23. Nd3 f4 24. Bd2 Rxd4 25. Ne5 Qe7 26. Nf3 Rd8 27. Re1 Qxc5 28. Qc2 Bf5
29. Rb5 Bxc2 30. Rxc5 Nb3 31. Nb5 Nxc5 32. Nxc7 Rac8 33. Nb5 a6 34. Nc3 Nb3 35.
Na4 Nxd2 36. Nxd2 Rxd2 37. Nb2 Kf8 38. Bf3 b5 39. Re6 Kf7 40. Rxa6 Bb3 41. Ra7+
Kg6 42. Nd1 Bxd1 43. Bxd1 Rxd1+ 44. Kh2 Rcc1 45. g3 Rh1+ 46. Kg2 Rcg1+ 47. Kf3
Ra1 48. Kg2 f3+ 49. Kxf3 Rxh3 50. Kg2 g4 51. Ra6 b4 52. f3 Ra2+ 53. Kg1 Rxg3+
54. Kf1 Rxf3+ 55. Ke1 Rb3 56. axb4 Rb1# 0-1

[Event "Challenge"]
[Site "http://www.queenalice.com/game.php?id=1123663"]
[Date "2012.11.18"]
[Round "-"]
[White "Noraldino"]
[Black "constantin"]
[Result "0-1"]
[WhiteElo "1727"]
[BlackElo "1682"]

1. e4 e5 2. Nf3 Nc6 3. Nc3 a6 4. Bc4 h6 5. O-O d6 6. Re1 Bg4 7. h3 Bh5 8. g4 Bg6
9. h4 Nf6 10. h5 Bh7 11. g5 Nxh5 12. gxh6 gxh6 13. Nh2 Rg8+ 14. Kf1 Nd4 15. Qxh5
Bg6 16. Qd1 Qh4 17. Kg2 Bxe4+ 18. Kf1 Qh3# 0-1

[Event "Challenge"]
[Site "http://www.queenalice.com/game.php?id=1138996"]
[Date "2013.1.10"]
[Round "-"]
[White "Noraldino"]
[Black "ValterPinto"]
[Result "0-1"]
[WhiteElo "1724"]
[BlackElo "1735"]

1. e4 e5 2. Nf3 Nc6 3. Nc3 Nf6 4. Bc4 Be7 5. O-O O-O 6. d3 d6 7. b3 Bg4 8. h3
Bh5 9. g4 Nxg4 10. hxg4 Bxg4 11. Kg2 Nd4 12. Qd2 Bxf3+ 13. Kg3 Qd7 14. Kh2 Qg4
15. Rg1 Qh4# 0-1

[Event "Challenge"]
[Site "http://www.queenalice.com/game.php?id=1138997"]
[Date "2013.1.10"]
[Round "-"]
[White "Noraldino"]
[Black "Shizumaru_Hisame"]
[Result "0-1"]
[WhiteElo "1732"]
[BlackElo "1769"]

1. e4 e5 2. Nf3 d6 3. d4 Qe7 4. Nc3 Bg4 5. h3 Bxf3 6. Qxf3 exd4 7. Nd5 Qd7 8. c3
dxc3 9. Qxc3 c6 10. Nb4 Nf6 11. Bd3 Be7 12. e5 dxe5 13. Qxe5 O-O 14. Qg3 Bxb4+
15. Kd1 g6 16. a3 Bd6 17. Qf3 Nd5 18. Re1 Qd8 19. b4 a5 20. b5 Nc3+ 21. Kc2 Nxb5
22. a4 Nd4+ 23. Kd1 Nxf3 24. gxf3 Bb4 25. Re5 Qxd3+ 26. Bd2 Qxd2# 0-1

[Event "Desafio"]
[Site "http://www.queenalice.com/game.php?id=1140269"]
[Date "2013.1.13"]
[Round "-"]
[White "Noraldino"]
[Black "askasl159"]
[Result "1-0"]
[WhiteElo "1714"]
[BlackElo "1739"]

1. e4 e5 2. Nc3 Nc6 3. Nf3 f5 4. d3 Nf6 5. exf5 h6 6. Nh4 Bb4 7. a3 Bxc3+ 8.
bxc3 O-O 9. Qf3 Ne7 10. Qg3 d6 11. Be2 b6 12. Bxh6 Rf7 13. d4 e4 14. f3 Bxf5 15.
Bc4 d5 16. Bb3 Bh7 17. O-O Qd6 18. Bf4 Nh5 19. Bxd6 Nxg3 20. Bxg3 c6 21. c4 Rff8
22. cxd5 Nxd5 23. c4 Nc3 24. c5+ Kh8 25. Rae1 bxc5 26. dxc5 exf3 27. gxf3 Bd3
28. Rf2 Rae8 29. Be5 Nd5 30. Rd2 1-0

[Event "+1 Desafio"]
[Site "http://www.queenalice.com/game.php?id=1146158"]
[Date "2013.1.28"]
[Round "-"]
[White "askasl159"]
[Black "Noraldino"]
[Result "1-0"]
[WhiteElo "1767"]
[BlackElo "1708"]

1. e4 e5 2. f4 exf4 3. Nf3 Nf6 4. d3 Nc6 5. a3 d5 6. e5 Ng4 7. d4 Bf5 8. h3 Nh6
9. Bxf4 f6 10. Bb5 a6 11. Bd3 g5 12. Be3 Qe7 13. Nc3 O-O-O 14. Qd2 fxe5 15. Bxg5
Qg7 16. Bxd8 Kxd8 17. g4 exd4 18. Ne2 Be4 19. Bxe4 dxe4 20. Nfxd4 Bd6 21. Ne6+
Kc8 22. Nxg7 Rd8 23. O-O-O Bf8 24. Qxh6 Rd7 25. Rxd7 Kxd7 26. Qe6+ Kd8 27. Qe8#
1-0

[Event "Challenge"]
[Site "http://www.queenalice.com/game.php?id=1146705"]
[Date "2013.1.29"]
[Round "-"]
[White "pokemon"]
[Black "Noraldino"]
[Result "1-0"]
[WhiteElo "1788"]
[BlackElo "1694"]

1. d4 e6 2. e3 d5 3. Nf3 Nf6 4. Bd3 Bd6 5. Nbd2 O-O 6. e4 dxe4 7. Nxe4 Nxe4 8.
Bxe4 f5 9. Bd3 Nc6 10. c3 e5 11. dxe5 Nxe5 12. O-O b6 13. Ng5 Be7 14. Nxh7 Kxh7
15. Qh5+ Kg8 16. Bc2 Qd6 17. Rd1 Qc5 18. Bh6 gxh6 19. Bb3+ Kg7 20. Rd5 Qc6 21.
Rxe5 Qe8 22. Qf3 Bd7 23. Rae1 Rf7 24. Bxf7 Bc6 25. Bd5 Bxd5 26. Qxd5 Rd8 27.
Rxe7+ Kf6 28. Qe6+ Kg5 29. Rxe8 Rd6 30. Qxd6 cxd6 31. Rd8 d5 32. Rxd5 a5 33. Re6
b5 34. Rxb5 a4 35. Ra5 a3 36. Rxa3 h5 37. c4 Kg4 38. c5 f4 39. c6 h4 40. c7 f3
41. Rxf3 h3 42. c8=Q hxg2 43. Rg3+ Kf5 44. Ree3+ Kf4 45. Qf8# 1-0

[Event "Challenge"]
[Site "http://www.queenalice.com/game.php?id=1148245"]
[Date "2013.2.3"]
[Round "-"]
[White "pokemon"]
[Black "Noraldino"]
[Result "1-0"]
[WhiteElo "1779"]
[BlackElo "1722"]

1. d4 e6 2. e3 Nf6 3. Nf3 d5 4. Nbd2 c6 5. Bd3 b5 6. a4 a6 7. axb5 cxb5 8. e4
dxe4 9. Nxe4 Bb7 10. Qe2 Nc6 11. Nxf6+ Qxf6 12. Bg5 Nxd4 13. Nxd4 Qxd4 14. Bxb5+
axb5 15. Qxb5+ Qd7 16. Rxa8+ Bxa8 17. Qb8+ Qd8 18. Qxd8# 1-0

[Event "Challenge"]
[Site "http://www.queenalice.com/game.php?id=1149752"]
[Date "2013.2.8"]
[Round "-"]
[White "Noraldino"]
[Black "andresousa"]
[Result "0-1"]
[WhiteElo "1656"]
[BlackElo "1830"]

1. e4 e5 2. Nc3 Nc6 3. Nf3 Bc5 4. Bc4 Nf6 5. O-O Ng4 6. h3 Nxf2 7. Rxf2 Bxf2+ 8.
Kxf2 O-O 9. d3 Na5 10. Nxe5 Qh4+ 11. g3 Qf6+ 12. Bf4 Nxc4 13. dxc4 Qb6+ 14. Be3
Qxb2 15. Nd3 Qxc3 16. Qg4 Qxa1 17. Bh6 Qf6+ 18. Qf4 Qd4+ 19. Ke2 gxh6 20. Qg4+
Kh8 21. Nf4 Qxc4+ 22. Kd2 Qxe4 23. Nh5 Qxg4 24. hxg4 d6 25. Nf6 b5 26. Nd5 Bxg4
27. Nxc7 Rab8 28. c3 b4 29. cxb4 Rxb4 30. Nd5 Rb2+ 31. Kc3 Rxa2 32. Kb3 Rf2 33.
Ne3 Rc8 34. Nxg4 Rf3+ 35. Kb4 a5+ 36. Kb5 Rb3+ 37. Ka4 Rb1 38. Kxa5 Ra8# 0-1

[Event "Challenge"]
[Site "http://www.queenalice.com/game.php?id=1150626"]
[Date "2013.2.10"]
[Round "-"]
[White "Andrei_78"]
[Black "Noraldino"]
[Result "1-0"]
[WhiteElo "1805"]
[BlackElo "1682"]

1. e4 e5 2. Nf3 Nc6 3. d3 d6 4. a3 Nf6 5. Bg5 h6 6. Bxf6 gxf6 7. h3 Rg8 8. Be2
Rxg2 9. Bf1 Rg7 10. Nc3 f5 11. Qe2 fxe4 12. Qxe4 f5 13. Qa4 1-0

[Event "Challenge"]
[Site "http://www.queenalice.com/game.php?id=1152547"]
[Date "2013.2.16"]
[Round "-"]
[White "deuterius"]
[Black "Noraldino"]
[Result "1-0"]
[WhiteElo "1745"]
[BlackElo "1670"]

1. e4 e5 2. Nf3 Nf6 3. Bc4 Nc6 4. Ng5 Qe7 5. Nxf7 Rg8 6. d3 Na5 7. Ng5 Nxc4 8.
dxc4 Qb4+ 9. Nd2 b5 10. cxb5 h6 11. Nf3 a6 12. bxa6 Bxa6 13. Nxe5 Nxe4 14. c3
Qb5 15. Nef3 Bc5 16. Nxe4 Ba7 17. Nd4 Qd3 18. Qxd3 Bxd3 19. Be3 Bxe4 20. O-O Rb8
21. b3 Rf8 22. Ne6 dxe6 23. Bxa7 Rb5 24. Rfe1 Ra5 25. Bd4 Bd5 26. c4 Rf4 27. Be3
Re4 28. cxd5 Rxd5 29. Rac1 Kd8 30. Bg5+ hxg5 31. Rxe4 e5 32. Rce1 Ke7 33. Rxe5+
Rxe5 34. Rxe5+ Kf6 35. Rc5 g4 36. a4 Kg6 37. g3 Kh6 38. Rxc7 g6 39. a5 Kg5 40.
a6 Kf6 41. a7 Kf5 42. a8=Q Kg5 43. Qh8 Kf5 44. Rc4 Kg5 45. Qh4+ Kf5 46. Qxg4+
Kf6 47. Qf4+ Kg7 48. Rc7+ Kg8 49. Qf7+ Kh8 50. Qf8# 1-0

[Event "Challenge"]
[Site "http://www.queenalice.com/game.php?id=1153969"]
[Date "2013.2.21"]
[Round "-"]
[White "Admilton"]
[Black "Noraldino"]
[Result "0-1"]
[WhiteElo "1617"]
[BlackElo "1656"]

1. Nf3 e6 2. d4 Nf6 3. e3 Nc6 4. a3 Bd6 5. Nc3 O-O 6. Qd3 Re8 7. Ne4 Nxe4 8.
Qxe4 f5 9. Bb5 fxe4 10. Nd2 Qg5 11. g3 Qxb5 12. c4 Qf5 13. f4 g5 14. fxg5 Rf8
15. Rf1 Qxg5 16. Nxe4 Qa5+ 17. Bd2 Rxf1+ 18. Kxf1 Qf5+ 19. Nf2 b6 20. Ke2 Ba6
21. b3 Rf8 22. Rf1 Qf3+ 23. Ke1 Qg2 24. d5 exd5 25. h4 dxc4 26. b4 Bxg3 0-1

[Event "Challenge"]
[Site "http://www.queenalice.com/game.php?id=1160225"]
[Date "2013.3.12"]
[Round "-"]
[White "rapfir"]
[Black "Noraldino"]
[Result "1-0"]
[WhiteElo "1444"]
[BlackElo "1657"]

1. d4 e6 2. e4 d6 3. Nf3 Nf6 4. Bg5 h6 5. Bxf6 gxf6 6. Nc3 d5 7. Bd3 dxe4 8.
Nxe4 Nc6 9. c4 f5 10. Nc3 b6 11. O-O Ba6 12. Qa4 Bb7 13. d5 exd5 14. cxd5 Qd7
15. Rad1 a6 16. dxc6 Qxc6 17. Qd4 Rg8 18. Qe3+ Be7 19. Rfe1 Qe6 20. Bxf5 Bc5 21.
Bxe6 Bxe3 22. Rxe3 fxe6 23. g3 Ke7 24. Ne5 Raf8 25. Rd7+ Kf6 26. Rxc7 Bc8 27. f4
Rg7 28. Rxg7 Kxg7 29. h4 h5 30. a4 a5 31. Nb5 Rd8 32. Kf2 1-0